Appunti per un'orestiade africana /

में बचाया:
ग्रंथसूची विवरण
मुख्य लेखक: Pasolini, Pier Paolo (लेखक)
स्वरूप: पुस्तक
भाषा:इतालवी
प्रकाशित: Bologna : Cineteca, stampa 2008
विषय:
टैग: टैग जोड़ें
कोई टैग नहीं, इस रिकॉर्ड को टैग करने वाले पहले व्यक्ति बनें!

MARC

LEADER 00000nam a22000007ib4500
001 IT\ICCU\LO1\1238557
003 ItRI
005 20260309121121.0
008 090327s2008 it |||||| ||||| |||||c
040 |b ita  |c importazione bologna sebina 
041 7 |a ita  |2 ISO-639-2 
082 |a 916.704  |2 19 
100 1 |a Pasolini, Pier Paolo  |0 IT\ICCU\CFIV\001068  |4 aut 
245 1 0 |a Appunti per un'orestiade africana /  |c di Pier Paolo Pasolini. 
260 |a Bologna :  |b Cineteca,  |c stampa 2008 
300 |a 47 p. ;  |c 19 cm. 
650 7 |a Tanzania  |x Descrizioni e viaggi  |2 scbi 
650 7 |a UGANDA  |x DESCRIZIONI E VIAGGI  |2 scbi 
650 7 |a Appunti per un'orestiade africana <film>  |2 scbi 
773 0 |w IT\ICCU\LO1\1238555  |t Appunti per un'orestiade africana 
942 |2 ddc  |c MX  |n 0 
952 |0 0  |1 0  |2 ddc  |4 0  |6 VO_1800_000000000000000  |7 0  |9 25198  |a BO  |b BO  |d 2026-01-15  |i 13829  |l 0  |o VO 1800  |p BO13829  |r 2026-01-15 23:24:00  |w 2026-01-15  |x [Sebina 6] [1 v. + 1 dvd]  |y MX  |z 1 v. 
999 |c 21416  |d 21416